| 000 | 00423nam a22001817a 4500 | ||
|---|---|---|---|
| 003 | OSt | ||
| 005 | 20241107073737.0 | ||
| 008 | 210311n ||||| |||| 00| 0 eng d | ||
| 040 |
_aeng _beng _cDLC |
||
| 041 | _aeng | ||
| 080 |
_a641 _bB-45 |
||
| 100 |
_91362 _aBeradze, Merab |
||
| 245 | _aGeorgian Dishes | ||
| 300 |
_a218 p. _bill. |
||
| 650 | 0 |
_9468 _aCulinary |
|
| 653 | _aკულინარია | ||
| 942 |
_2udc _cBK |
||
| 999 |
_c2127 _d2127 |
||